El anti-haitianismo como ideología occidental /
Este artículo examina las relaciones domínico-haitianas en el marco del desarrollo histórico de ambos países, dentro del pensamiento occidental. Enfatiza la condena europea y norteamericana a la insurrección de los negros, y detalla sobre el anti-haitianismo y los prejuicios que le rodean, esto vist...
Salvato in:
| Autore principale: | |
|---|---|
| Natura: | testo |
| Soggetti: | |
| Tags: |
Aggiungi Tag
Nessun Tag, puoi essere il primo ad aggiungerne!!
|
MARC
| LEADER | 00000 a a2200000 04500 | ||
|---|---|---|---|
| 001 | 45656 | ||
| 003 | |||
| 040 | |||
| 100 | |a Torres-Saillant, Silvio | ||
| 245 | |a El anti-haitianismo como ideología occidental / |c Silvio Torres-Saillant | ||
| 520 | |a Este artículo examina las relaciones domínico-haitianas en el marco del desarrollo histórico de ambos países, dentro del pensamiento occidental. Enfatiza la condena europea y norteamericana a la insurrección de los negros, y detalla sobre el anti-haitianismo y los prejuicios que le rodean, esto visto como recurso ideológico de la imaginación racial que acompañó al surgimiento del capitalismo cristiano. | ||
| 590 | |a AMB/MAYO2014 | ||
| 650 | |a A)IDEOLOGIAS | ||
| 650 | |a B)DISCURSOS (CIDCACS) | ||
| 650 | |a C)IMAGINARIO SOCIAL (CIDCACS) | ||
| 650 | |a D)RELACIONES DE PODER (CIDCACS) | ||
| 650 | |a E)DISCRIMINACION ETNICA (CIDCACS) | ||
| 650 | |a F)REPÚBLICA DOMINICANA | ||
| 650 | |a G)HAITI | ||
| 773 | |g volumen9, número10 ( , 2012), páginas 15-48 | ||
| 999 | |c 28360 |d 28360 | ||
